Statistiques concernant Les villes hôtes des Jeux Olympiques d'Ete

Cliquez ici pour prendre le quiz!

Statistiques générales

  • Ce quiz a été pris 20 fois
  • Le résultat moyen est 17 sur 32

Statistiques - réponses

HintRéponse% Correct
2024Paris
88%
1992Barcelone
75%
2012Londres
75%
2008Pékin
75%
2020 (joué en 2021)Tokyo
75%
1896Athènes
69%
2004Athènes
69%
1936Berlin
69%
2028Los Angeles
69%
2016Rio de Janeiro
69%
2000Sydney
69%
1996Atlanta
63%
2032Brisbane
63%
1968Mexico
63%
1980Moscou
63%
1900Paris
56%
1988Séoul
56%
1920Anvers
50%
1984Los Angeles
50%
1924Paris
50%
1928Amsterdam
44%
1908Londres
44%
1976Montréal
44%
1972Munich
44%
1960Rome
44%
1956Melbourne
31%
1912Stockholm
31%
1952Helsinki
19%
1948Londres
19%
1932Los Angeles
19%
1904Saint-Louis
19%
1964Tokyo
13%

Distribution des résultats

Percentile par nombre de réponses

% des personnes avec chaque résultat

Votre développement - résultats

Vous n’avez pas pris ce quiz